| 000 | 005270000a22001810004500 | ||
|---|---|---|---|
| 041 | 0 | _aSPA | |
| 082 | 0 | 4 | _aG 227.95 G774a |
| 100 | 1 | _aGrau, José | |
| 245 | 1 | 0 | _aEl amor y la verdad : El mensaje de la segunda carta de Juan / José Grau |
| 260 | _aBarcelona, España : Ediciones Evangélicas Europeas | ||
| 300 | _a105 Pag | ||
| 650 | 1 | 4 | _aBIBLIA N.T. - 2 JUAN - COMENTARIOS |
| 001 | 3039 | ||
| 942 | _cBK | ||
| 999 |
_c33752 _d33752 |
||
| 336 |
_atexto _btxt _2rdacontent |
||
| 337 |
_2rdamedia _asin mediación _bn |
||
| 338 |
_2rdacarrier _avolumen _bnc |
||